000 00769nam a2200253Ia 4500
003 OSt
005 20220926022342.0
006 a|||||r|||| 00| 0
007 ta
008 220923b |||||||| |||| 00| 0 eng d
037 _cGeneral Book
040 _aRTL
_cRTL
_beng
041 _2eng
_aeng
082 _aSigma.5.N9s, P1
110 _aUnited Nations, Government Of .... Economic Commission For Europe
245 0 _aTrends in Europe and North America
260 _aNew York
_bUnited Nations U S A
_c2001
300 _a253p.
_ccm.
490 _v2003
650 _aSocial Science
_911018
700 _aUnited Nations, Government Of .... Economic Commission For Europe
942 _hSigma.5.N9s, P1
_cGB
_2CC
999 _c639261
_d639261